[Event "Mitropa Cup Open 2019"]
[Site "Radenci"]
[Date "2019.05.27"]
[Round "1.9"]
[White "Stella, Andrea"]
[Black "Sebenik, Matej"]
[Result "1/2-1/2"]
[WhiteElo "2511"]
[BlackElo "2522"]
[Annotator "TA"]
[PlyCount "89"]
[EventDate "2019.05.27"]
[EventType "team-tourn"]
[EventCountry "SLO"]
[SourceTitle "playchess.com"]
[Source "ChessBase"]
[SourceQuality "1"]
[WhiteTeam "Italy"]
[BlackTeam "Slovenia"]
[WhiteTeamCountry "ITA"]
[BlackTeamCountry "SLO"]

{[%evp 17,89,29,37,36,20,23,23,27,27,22,27,21,30,34,32,17,18,20,13,14,19,15,17,25,25,25,25,13,15,0,0,0,0,0,0,0,8,0,0,0,0,0,14,5,39,0,0,0,95,86,94,35,35,40,43,0,0,0,0,0,0,0,0,0,0,0,0,0,0,0,0,0,0,0]} 1. d4 Nf6 2. c4 e6 3. Nc3 Bb4 4. Qc2 d5 5. a3 Bxc3+ 6. Qxc3 Ne4 7. Qc2 c5 8. dxc5 Nc6 9. Nf3 Qa5+ 10. Bd2 {E37: Nimzo-Indian: Classical: 4...d5 5 a3 Bxc3+ 6 Qxc3 Ne4} (10. Nd2 Nxd2 11. Bxd2 Qxc5 12. e3 dxc4 13. Bxc4 Ne5 14. Bb3 Bd7 15. O-O Qxc2 16. Bxc2 Bc6 17. Rfd1 O-O 18. Bc3 {½-½ (123) Mamedyarov,S (2808)-Karjakin,S (2782) Leuven 2018}) 10... Qxc5 11. e3 Nxd2 12. Nxd2 {White has an edge.} Bd7 13. b4 Qe7 14. Qc3 $146 ({Predecessor:} 14. Be2 dxc4 15. Nxc4 b5 16. Nb2 O-O 17. Nd3 a5 {½-½ (31) Zatonskih,A (2466)-Mkrtchian,L (2453) Tromsoe 2014}) 14... O-O 15. b5 Nb8 16. cxd5 exd5 17. Be2 a6 18. bxa6 Nxa6 19. O-O Nc5 20. Nf3 Rfc8 21. Qb2 Bf5 22. Nd4 Be4 23. Qd2 (23. Rfd1 {keeps more tension.} h6 24. Qb4 Ra4 25. Qc3 Rc7 26. Qb2) 23... Ne6 24. f3 Bg6 25. a4 Nxd4 26. Qxd4 Rc2 27. Bb5 Rac8 28. Rad1 h5 29. Rf2 h4 30. h3 Qg5 31. Qxd5 Qxe3 32. Qd4 Qb3 (32... Qg5 $11) 33. Rxc2 Qxc2 34. Rf1 ({White should try} 34. Qd6 $16) 34... Qc5 $14 35. Qxc5 Rxc5 {[%mdl 4096] Endgame KRB-KRB} 36. Rd1 Bf5 $1 {The position is equal.} 37. Rd8+ Kh7 38. Rd4 g5 39. Bd7 Kg6 40. Rd6+ f6 41. Be8+ Kg7 42. Rb6 Rc1+ 43. Kf2 Rc2+ 44. Kg1 Rc1+ 45. Kf2 {Accuracy: White = 61%, Black = 71%.} 1/2-1/2

[Event "Mitropa Cup Open 2019"]
[Site "Radenci"]
[Date "2019.05.27"]
[Round "1.10"]
[White "Markoja, Boris"]
[Black "Sonis, Francesco"]
[Result "0-1"]
[WhiteElo "2441"]
[BlackElo "2475"]
[Annotator "TA"]
[PlyCount "120"]
[EventDate "2019.05.27"]
[EventType "team-tourn"]
[EventCountry "SLO"]
[SourceTitle "playchess.com"]
[Source "ChessBase"]
[SourceQuality "1"]
[WhiteTeam "Slovenia"]
[BlackTeam "Italy"]
[WhiteTeamCountry "SLO"]
[BlackTeamCountry "ITA"]

{[%evp 13,120,13,8,1,8,12,12,12,12,7,31,45,54,58,46,20,19,10,10,14,23,4,8,1,4,-10,-10,-25,-25,-27,-26,-25,-19,-47,-52,-52,-41,-37,-38,-38,-8,-38,-14,-49,-22,-14,-6,-119,0,-10,0,-44,-7,-70,-70,-75,-60,-74,-54,-80,-65,-85,-61,-83,-71,-89,-77,-99,-93,-94,-90,-100,-85,-95,-97,-104,-98,-111,-83,-89,-80,-80,-83,-96,-97,-89,-90,-189,-189,-190,-188,-231,-236,-237,-216,-325,-337,-323,-322,-362,-338,-333,-232,-314,-238,-1272,-1000,-29982,-29983]} 1. Nf3 d5 2. g3 c6 3. Bg2 Bg4 4. c4 e6 5. cxd5 Bxf3 6. Bxf3 cxd5 7. O-O Nc6 8. d4 {A11: English Opening: 1...c6} (8. Nc3 Nf6 9. d4 Be7 10. e3 O-O 11. Bd2 Qd7 12. Qe2 Rfc8 13. Rfd1 Bf8 14. Rac1 a6 15. Qd3 Ne7 16. b3 Nc6 17. Na4 {½-½ (46) Artemiev,V (2754)-Motylev,A (2650) Sochi 2019}) 8... Bd6 9. e4 $146 ({Predecessor:} 9. Nc3 Qb6 10. e3 Nf6 11. Na4 Qd8 12. Bd2 O-O {½-½ (27) Lener,J (1823)-Mrnka,J (1908) Plzen 2003}) 9... dxe4 10. Bxe4 {The position is equal.} Nf6 11. Bg2 Be7 12. Nc3 O-O 13. Be3 Qc7 14. Qe2 Rfd8 15. Rfd1 Nb4 16. Rac1 Qd7 17. Bf4 {White wants to play d5!} Rac8 18. a3 Nbd5 19. Bd2 Nxc3 20. Bxc3 Nd5 21. Ba5 b6 22. Bd2 Bf6 23. Qd3 Ne7 24. Be4 g6 25. Rxc8 Nxc8 26. Bc3 Nd6 27. Bf3 (27. Bc6 $5 {[%cal Rc6d7]} Qc7 28. Bf3 $11) 27... Qb5 28. Qd2 Qb3 29. Qf4 Nf5 30. Qc7 {[#]} (30. Rd3 $11) 30... Nxd4 (30... e5 $1 $17 {[%cal Re5d4]} 31. d5 Nd4) 31. Kg2 {Black must now prevent Rxd4!} e5 32. Qb7 Kg7 (32... a5 {feels hotter.} 33. Rd3 Qe6 34. Be4 Kg7 35. h4 Rd7) 33. Re1 (33. Qxa7 $11 e4 34. Be2) 33... Nxf3 $15 34. Qxf3 Qd5 (34... Qe6 {looks sharper.} 35. Qe4 Rd5 36. h3 Qd7 37. Qg4 Qd8) 35. Re4 Re8 36. Qe2 Bd8 {...f5 is the strong threat.} 37. f3 {[%cal Rc3e5]} Bc7 38. Re3 Re7 39. Qa6 Bd6 40. Qe2 f6 41. Rd3 Qc6 42. Qe4 Qxe4 43. fxe4 $17 {[%mdl 4096] Endgame KRB-KRB} Re6 44. Kf3 Kf7 45. Rd5 f5 46. a4 Rf6 47. a5 Ke6 48. axb6 axb6 49. Rb5 Bc7 50. Rd5 {[#]} (50. Rb4 $17) 50... g5 $1 $19 51. h3 Rh6 52. Rd1 Rxh3 53. Kg2 Rh6 54. exf5+ (54. Rc1 $142) 54... Kxf5 55. Rd7 Bd6 56. Rb7 Bc5 57. Rf7+ Rf6 58. Rxh7 Bd4 59. Bxd4 $2 (59. Kh3) 59... exd4 60. Kf3 Kg6+ {[%mdl 64] Discovered Attack. Accuracy: White = 30%, Black = 66%.} 0-1

[Event "Mitropa Cup Open 2019"]
[Site "Radenci"]
[Date "2019.05.27"]
[Round "1.11"]
[White "Lodici, Lorenzo"]
[Black "Tomazini, Zan"]
[Result "1-0"]
[WhiteElo "2453"]
[BlackElo "2378"]
[Annotator "TA"]
[PlyCount "91"]
[EventDate "2019.05.27"]
[EventType "team-tourn"]
[EventCountry "SLO"]
[SourceTitle "playchess.com"]
[Source "ChessBase"]
[SourceQuality "1"]
[WhiteTeam "Italy"]
[BlackTeam "Slovenia"]
[WhiteTeamCountry "ITA"]
[BlackTeamCountry "SLO"]

{[%evp 18,91,59,22,67,64,95,90,96,97,109,111,106,111,103,98,117,62,74,48,59,26,23,31,22,0,38,27,81,44,83,91,111,110,98,104,143,109,68,86,172,156,265,265,304,240,304,286,413,381,420,410,476,482,512,372,351,66,497,381,637,627,605,547,796,795,789,771,29981,29982,29982,29983,29983,29984,29984,29985]} 1. d4 Nf6 2. c4 g6 3. Nc3 Bg7 4. e4 O-O 5. Nf3 d6 6. Be2 Nbd7 7. O-O e5 8. Re1 Re8 9. Bf1 c6 10. Rb1 Qe7 {E95: King's Indian: Classical: 7...Nbd7 8 Re1} (10... a6 11. b4 exd4 12. Nxd4 Ne5 13. h3 b5 14. cxb5 cxb5 15. Bf4 Bb7 16. Nb3 Rc8 17. Rc1 Ba8 18. Na5 {½-½ (102) Le,Q (2702)-Grischuk,A (2785) Tromsoe 2013}) 11. d5 cxd5 12. cxd5 Nf8 $146 {White is better.} ({Predecessor:} 12... a6 13. a4 a5 14. Nd2 Nc5 15. Nc4 Ra6 16. f3 Bd7 17. Bd2 Nh5 18. Nb5 {1-0 (41) Kurowski,A (2092)-Verslype,S ICCF email 2009}) 13. Nd2 Bd7 14. a4 Rec8 15. Nc4 Ne8 16. Qb3 b6 17. Nb5 (17. Bd2 $16) 17... f5 $14 18. exf5 Bxf5 19. Bd3 (19. Ra1 {keeps more tension.} Nd7 20. Qd1 Nc5 21. Be3 Bd7 22. f3) 19... Nd7 {[#] aiming for ...Nc5.} 20. Bxf5 gxf5 21. Be3 Nc5 22. Qd1 Qd7 (22... e4 $11 {keeps the balance.}) 23. Rc1 e4 24. Bxc5 $1 bxc5 25. f3 a6 26. Nc3 ({Worse is} 26. Nb6 Qb7 $19) 26... Rab8 27. a5 Bd4+ 28. Kh1 Qg7 (28... Rd8 $16 {was called for.}) 29. fxe4 $18 f4 (29... fxe4 $16 {keeps fighting.} 30. Nxe4 Rd8) 30. Rf1 Nf6 31. Rxf4 Kh8 32. Qf3 (32. Nxd6 Rxb2 33. Qf3 Rg8 $16) 32... Rg8 (32... Rf8 $142 33. Ne2 (33. Nxd6 Be5 $14) 33... Qh6) 33. Rf1 Ng4 34. Nxd6 Ne5 35. Qe2 Qg6 36. Rf6 Qg4 37. Re6 $2 {[#]} (37. R6f5 $18 Qxe2 38. Nxe2) 37... Rbf8 $2 {[%mdl 8192]} ({Black should try} 37... Bxc3 $1 $14 38. Qxg4 Nxg4) 38. Nf5 Bxc3 $2 (38... Qxe2 39. Nxe2 Bxb2) 39. Qxg4 Rxg4 40. bxc3 Rxe4 {intending ...Rxf5.} 41. h3 Re2 42. d6 Rxf5 43. Rxf5 {White mates.} Re1+ 44. Kh2 Ng4+ 45. hxg4 Rxe6 46. d7 {Accuracy: White = 54%, Black = 24%.} 1-0

[Event "Mitropa Cup Open 2019"]
[Site "Radenci"]
[Date "2019.05.27"]
[Round "1.12"]
[White "Subelj, Jan"]
[Black "Di Benedetto, Edoardo"]
[Result "1-0"]
[WhiteElo "2407"]
[BlackElo "2404"]
[Annotator "TA"]
[PlyCount "81"]
[EventDate "2019.05.27"]
[EventType "team-tourn"]
[EventCountry "SLO"]
[SourceTitle "playchess.com"]
[Source "ChessBase"]
[SourceQuality "1"]
[WhiteTeam "Slovenia"]
[BlackTeam "Italy"]
[WhiteTeamCountry "SLO"]
[BlackTeamCountry "ITA"]

{[%evp 10,81,24,25,17,25,19,17,35,3,20,20,27,19,42,41,62,51,30,45,62,58,98,88,146,0,0,0,0,0,45,17,10,12,10,10,12,15,17,13,50,0,0,0,0,-56,-73,-55,-65,-64,-61,-193,-184,-160,0,0,0,0,0,-27,-27,-27,-27,-28,0,-8,-8,-15,-13,-15,0,0,5318,5314]} 1. e4 e6 2. d4 d5 3. Nd2 c5 4. exd5 Qxd5 5. Ngf3 cxd4 6. Bc4 Qd7 {C07: French Tarrasch: 3...c5, 4 Ngf3 and 4 exd5 Qxd5} (6... Qd6 7. O-O Nf6 8. Nb3 Nc6 9. Nbxd4 Nxd4 10. Nxd4 a6 11. Re1 Qc7 12. Bf1 Be7 13. Qf3 O-O 14. Bf4 Bd6 15. Bxd6 Qxd6 16. Rad1 Qc7 17. c4 Rb8 18. Qg3 Qxg3 19. hxg3 Bd7 {½-½ (61) Karjakin,S (2773)-Duda,J (2737) chess.com INT 2018}) 7. O-O Nc6 8. Nb3 {[%cal Rb3d4]} a6 {The position is equal.} 9. Qe2 Bd6 (9... b5 $5 10. Bd3 $8 Bb7 $11) 10. Rd1 $146 ({Predecessor:} 10. a4 Nge7 11. Rd1 Qc7 12. h3 O-O 13. Nbxd4 Nxd4 14. Nxd4 {1-0 (60) Dibusz,D (2076)-Baski,B (1740) Zalakaros 2018}) 10... Nge7 11. Nbxd4 Nxd4 12. Rxd4 Qc7 13. b3 $1 b5 14. Bd3 e5 15. Rh4 f5 {Threatens to win with ...e4.} 16. Bb2 $1 {[%cal Rf3e5]} e4 {[#]} ({Black should try} 16... Ng6 17. Bxe5 Nxe5 18. Nxe5 O-O) 17. Bxg7 (17. Ng5 $1 $16) 17... exd3 18. cxd3 Rg8 19. Rxh7 {aiming for Bf6.} f4 20. Nh4 {Bf6 is the strong threat.} Rxg7 $1 {[%mdl 64] Remove Defender} 21. Rxg7 Qc3 $1 {[%cal Rc3a1]} 22. Rxe7+ $1 Bxe7 23. Re1 {[%csl Ge1][%cal Re2e7]} Ra7 $1 24. Ng6 $1 {[%cal Rg6e7]} ({But not} 24. Qh5+ {[#]} Kd8 $1 $17 {[%mdl 512]}) 24... Qf6 $1 {[%cal Rf6g6]} 25. Qh5 {[%mdl 1024] White has compensation.} Kd8 26. Qd5+ Bd6 ({Wrong is} 26... Rd7 $2 27. Qg8+ Kc7 28. Rc1+ Bc5 29. Rxc5+ $18) 27. Qg8+ ({White should play} 27. Ne5 $1 $11 Rc7 28. Nc6+ Kd7 29. Nb8+ Kd8 30. Nc6+ Kd7 31. Nb8+ Kd8 32. Nc6+) 27... Kc7 $15 28. Rc1+ Kb6 29. Qxc8 {Hoping for Rc6+.} Rc7 30. Qb8+ ({White has to play} 30. Rxc7 $1 $15 Bxc7 31. Qh8 Qxg6 32. Qd4+ Kc6 33. Qc3+ Kb7 34. Qd4) 30... Ka5 $19 {[%cal Rc7c1]} 31. b4+ Ka4 $2 ({Better is} 31... Kxb4 $17 {[%cal Rc7c1]} 32. Rb1+ Ka5) 32. Rf1 $1 $11 {And now Qb6 would win.} Qxg6 {[#]} 33. Qb6 $1 $40 {[%csl Gb4][%cal Rb6a5][%mdl 640] White has some attack.} Ka3 34. Qxa6+ Kb2 {White must now prevent ...f3.} 35. Qxb5 f3 {[%csl Gf3][%cal Rg6g2]} 36. g3 Qe6 37. Qh5 Qe2 $1 {[%cal Re2f1] ( -> ...Qxf1+!)} 38. Qg5 Rc2 {Strongly threatening ...Rd2.} 39. Qe3 $1 Bxb4 40. Qd4+ {[%mdl 64] Double Attack} Kxa2 $2 {[%mdl 8192]} (40... Bc3 $11 41. Qb6+ Kxa2 42. Qa7+ Kb3 43. Qb7+ Bb4 44. Qd5+ Kb2 45. Qd4+ {[%mdl 64] Double Attack} Bc3 46. Qb6+ Ka3 47. Qa7+ (47. Rb1 Bb2 $17) 47... Kb2 48. Qb7+ Ka3 49. Qa8+ Kb4 50. Qb7+ Ka5 51. Qd5+ Kb4 52. Qb7+ (52. Rb1+ Bb2 $15) 52... Ka4 53. Qa6+ Kb4 54. Qb7+) 41. Qxb4 {Accuracy: White = 60%, Black = 55%.} 1-0

[Event "Mitropa Cup Open 2019"]
[Site "Radenci"]
[Date "2019.05.27"]
[Round "1.13"]
[White "Travadon, Loic"]
[Black "Bogner, Sebastian"]
[Result "0-1"]
[WhiteElo "2441"]
[BlackElo "2597"]
[Annotator "TA"]
[PlyCount "80"]
[EventDate "2019.05.27"]
[EventType "team-tourn"]
[EventCountry "SLO"]
[SourceTitle "playchess.com"]
[Source "ChessBase"]
[SourceQuality "1"]
[WhiteTeam "France"]
[BlackTeam "Switzerland"]
[WhiteTeamCountry "FRA"]
[BlackTeamCountry "SUI"]

{[%evp 9,80,-26,26,0,40,33,25,-8,-12,-12,6,-17,18,11,17,0,8,0,0,-12,25,21,44,36,39,13,34,44,39,-10,51,31,52,49,68,65,49,-89,-68,-85,-100,-88,-95,-78,-92,-115,-112,-98,-109,-93,-134,-140,-92,-91,-95,-86,-89,-116,-102,-97,-102,-325,-220,-222,-233,-224,-185,-1016,-995,-5330,-5194,-29969,-5908]} 1. d4 Nf6 2. c4 e6 3. Nc3 Bb4 4. f3 c5 5. d5 Nh5 (5... b5 $142) 6. Nh3 $11 {E20: Nimzo-Indian: 4 g3 and 4 f3} d6 7. Nf2 f5 8. a3 $146 {White has an edge.} ({Predecessor:} 8. e4 O-O 9. exf5 exf5 10. f4 g6 11. Be2 Bxc3+ 12. bxc3 Ng7 13. O-O Nd7 {½-½ (27) Berkes,F (2645)-Ivanisevic,I (2664) Subotica 2008}) 8... Bxc3+ 9. bxc3 O-O 10. e3 e5 11. Be2 $36 {[%mdl 2048] Black is under pressure.} Nd7 12. Qc2 f4 13. g3 Qe7 14. Rg1 fxe3 15. Bxe3 Ndf6 16. a4 Bd7 17. Kd2 Kh8 18. Rae1 Ng8 19. Bd1 Bf5 (19... Qd8 $11) 20. Qb2 {Strongly threatening g4.} Bg6 21. h4 h6 22. Kc1 Qd7 23. f4 (23. g4 $14 {keeps the upper hand.} Nf4 24. Qd2) 23... exf4 $17 24. gxf4 Qf7 $1 25. Bxh5 Bxh5 26. Ne4 Qd7 27. Qb5 Qc7 28. f5 Rxf5 29. Ng3 Be8 30. Qb1 Rf7 31. Nh5 Re7 32. Nf4 Bf7 33. Qc2 {[#]} Nf6 $1 34. Qg2 {[%csl Gg1][%cal Rg2g7]} Rg8 {...Qa5 is the strong threat.} 35. Qf3 $2 (35. Bd2 $17) 35... Qd7 36. Ng6+ Bxg6 $1 37. Rxg6 {intending Reg1.} Qe8 ({Inferior is} 37... Qxa4 {[#]} 38. Rxh6+ $1 {[%mdl 512]} gxh6 39. Qxf6+ Rgg7 40. Rg1 $11) 38. Reg1 $2 (38. Rxf6 gxf6 39. Qxf6+ Rgg7 40. Rg1) 38... Rxe3 $19 39. Rxh6+ Nh7 40. Qf5 gxh6 {Accuracy: White = 43%, Black = 55%.} 0-1

[Event "Mitropa Cup Open 2019"]
[Site "Radenci"]
[Date "2019.05.27"]
[Round "1.14"]
[White "Studer, Noel"]
[Black "Joie, Sebastien"]
[Result "1/2-1/2"]
[WhiteElo "2517"]
[BlackElo "2425"]
[Annotator "TA"]
[PlyCount "141"]
[EventDate "2019.05.27"]
[EventType "team-tourn"]
[EventCountry "SLO"]
[SourceTitle "playchess.com"]
[Source "ChessBase"]
[SourceQuality "1"]
[WhiteTeam "Switzerland"]
[BlackTeam "France"]
[WhiteTeamCountry "SUI"]
[BlackTeamCountry "FRA"]

{[%evp 17,141,29,41,31,43,0,15,16,12,0,0,0,16,0,0,0,12,-42,-36,-51,-48,-46,-40,-33,11,0,0,0,37,53,58,2,76,0,0,0,0,0,0,-79,-69,-85,-19,-20,-20,-22,-29,-274,-266,-313,-313,-306,-299,-299,-299,-274,-245,-276,-122,-138,0,0,0,0,0,0,0,-3,0,0,0,0,0,0,0,0,0,-27,-27,-28,-28,-28,-27,-27,-6,-13,0,-27,-27,-27,-27,-27,0,-27,0,-27,0,-28,-27,-27,0,0,0,0,0,0,0,0,0,0,0,0,0,-10,-10,-10,0,0,0,0,0,0,0,0,0,0]} 1. d4 d5 2. Nf3 Nf6 3. c4 c6 4. e3 Bf5 5. Nc3 e6 6. Nh4 Be4 7. f3 Bg6 8. Qb3 Qb6 9. Nxg6 hxg6 10. Bd2 {D12: Slav Defence: 3 Nf3 Nf6 4 e3 Bf5} Bd6 (10... Nbd7 11. g3 Be7 12. Kf2 g5 13. Kg2 Rd8 14. Qxb6 axb6 15. a4 O-O 16. cxd5 exd5 17. Bd3 g4 {1-0 (54) Ding,L (2812)-Mamedov,R (2701) Astana 2019}) 11. f4 Be7 12. Be2 Nbd7 13. O-O-O Qxb3 14. axb3 Bb4 $146 ({Predecessor:} 14... O-O-O 15. Bf3 Nb6 16. c5 Nbd7 {½-½ (26) Ju,W (2519)-Wang,Y (2398) Tianjin 2011}) 15. Be1 Bxc3 16. bxc3 Ne4 17. g4 (17. cxd5 $11 exd5 18. c4) 17... Rh3 $15 18. Rd3 Ke7 19. Bf1 Rhh8 20. h4 b5 21. c5 a5 22. c4 dxc4 23. bxc4 b4 24. g5 (24. Rg1 $14) 24... f5 (24... a4 $1 $11) 25. gxf6+ (25. Rh2 $16) 25... gxf6 $11 26. Bg2 f5 27. Bxe4 fxe4 28. Rb3 (28. Rd2 $11 {keeps the balance.}) 28... Nf6 $17 29. Rh2 Nh5 (29... Ng4 $17 30. Rg2 Nh6) 30. Ra2 $11 Ng7 31. Rb1 Nf5 $36 {[%mdl 2048] Black has some pressure.} 32. Rba1 $2 (32. Bf2 $1 $11 {and White is okay.}) 32... Nxe3 $19 33. Rxa5 Rxa5 34. Rxa5 Nxc4 {[%mdl 4096] Endgame KRB-KRN} 35. Ra4 Ne3 36. Rxb4 Nd5 37. Ra4 Nxf4 (37... Kf6 $19 {is more deadly.} 38. Ra6 Rc8) 38. Kd2 {[#]} e3+ $1 {[%mdl 512]} 39. Kxe3 $11 Ng2+ {[%mdl 64] Double Attack} 40. Ke2 Nxe1 41. Kxe1 Rxh4 {KR-KR} 42. Ke2 {[#]} e5 $1 {[%mdl 512]} 43. Ra6 (43. dxe5 Rxa4) 43... Kd7 44. d5 $1 cxd5 {Strongly threatening ...Kc7.} 45. Rd6+ Ke7 {Threatens to win with ...Re4+.} 46. Rxd5 Ke6 47. Rd8 (47. Rd6+ {keeps more tension.} Kf5 48. Kd3 Rh1 49. Kd2 Rh7 50. Kd3) 47... Rc4 48. Rc8 Kd5 49. Rg8 Re4+ 50. Kd2 Rd4+ 51. Ke2 Re4+ 52. Kd2 Rg4 53. Rc8 Rc4 54. Rg8 $1 Rg4 55. Rc8 Rd4+ 56. Ke2 Rc4 57. Rg8 Rg4 58. Rc8 Rg5 59. c6 {The position is equal.} Kd6 60. Ke3 Rf5 61. Ke4 Rf4+ 62. Ke3 Rf6 63. Re8 Kxc6 {aiming for ...Kd6.} 64. Rxe5 Kd6 65. Ra5 Ke7 66. Ra7+ Ke6 67. Ra6+ Kf5 68. Rxf6+ Kxf6 69. Kf4 g5+ 70. Kg4 Ke7 71. Kxg5 {Accuracy: White = 64%, Black = 55%.} 1/2-1/2

[Event "Mitropa Cup Open 2019"]
[Site "Radenci"]
[Date "2019.05.27"]
[Round "1.15"]
[White "Di Nicolantonio, Lucas"]
[Black "Gaehwiler, Gabriel"]
[Result "1-0"]
[WhiteElo "2379"]
[BlackElo "2431"]
[Annotator "RC"]
[PlyCount "85"]
[EventDate "2019.05.27"]
[EventType "team-tourn"]
[EventCountry "SLO"]
[SourceTitle "playchess.com"]
[Source "ChessBase"]
[SourceQuality "1"]
[WhiteTeam "France"]
[BlackTeam "Switzerland"]
[WhiteTeamCountry "FRA"]
[BlackTeamCountry "SUI"]
[TimeControl "40/5400+30:1800+30"]

1. e4 {[%emt 0:00:00]} c5 {[%emt 0:00:00]} 2. Nf3 {[%emt 0:00:00]} d6 {[%emt 0:00:00]} 3. d4 {[%emt 0:00:04]} cxd4 {[%emt 0:00:57]} 4. Nxd4 {[%emt 0:00:07]} Nf6 {[%emt 0:00:10]} 5. Nc3 {[%emt 0:00:09]} a6 {[%emt 0:00:07]} 6. Bg5 {[%emt 0:00:52]} Nbd7 {[%emt 0:00:13]} 7. Qe2 {[%emt 0:00:23]} b5 {[%emt 0:06:28]} 8. O-O-O {[%emt 0:17:11]} Bb7 {[%emt 0:04:15]} 9. f4 {[%emt 0:03:08]} Rc8 {[%emt 0:06:53]} 10. e5 {[%emt 0:30:34]} Rxc3 {[%emt 0:02:31]} 11. exf6 {[%emt 0:08:03]} gxf6 {[%emt 0:03:26]} 12. Nf5 {[%emt 0:04:16]} Rc6 {[%emt 0:12:16]} 13. Bh4 {[%emt 0:08:48]} e6 {[%emt 0:11:43]} 14. Kb1 {[%emt 0:09:20]} Qc7 {[%emt 0:12:07]} 15. Nd4 {[%emt 0:06:40]} Rc5 {[%emt 0:12:57]} 16. Qe3 {[%emt 0:00:56]} Be7 {[%emt 0:02:26]} 17. Bd3 {[%emt 0:00:38]} Nb6 {[%emt 0:13:35]} 18. Rhe1 {[%emt 0:00:27]} Nc4 {[%emt 0:02:28]} 19. Nxe6 {[%emt 0:03:11]} fxe6 {[%emt 0:00:37]} 20. Qxe6 {[%emt 0:00:13]} Ne5 {[%emt 0:02:37]} 21. fxe5 {[%emt 0:01:19]} fxe5 {[%emt 0:00:55]} 22. Rf1 {[%emt 0:02:32]} Bc8 {[%emt 0:02:42]} 23. Qf7+ {[%emt 0:00:12]} Kd8 {[%emt 0:00:01]} 24. Qg7 {[%emt 0:01:30]} Re8 {[%emt 0:00:03]} 25. Qxh7 {[%emt 0:00:32]} Be6 {[%emt 0:00:28]} 26. Bg6 {[%emt 0:00:34]} Rg8 {[%emt 0:02:11]} 27. Qxe7+ {[%emt 0:00:33]} Qxe7 {[%emt 0:00:02]} 28. Rxd6+ {[%emt 0:00:16]} Bd7 {[%emt 0:00:18]} 29. Bxe7+ {[%emt 0:00:21]} Kxe7 {[%emt 0:00:01]} 30. Rxa6 {[%emt 0:00:24]} Rc6 {[%emt 0:00:49]} 31. Rxc6 {[%emt 0:01:41]} Bxc6 {[%emt 0:00:01]} 32. Bf5 {[%emt 0:00:35]} Rxg2 {[%emt 0:00:10]} 33. h3 {[%emt 0:00:11]} e4 {[%emt 0:00:52]} 34. Kc1 {[%emt 0:00:30]} Kd6 {[%emt 0:00:27]} 35. Bg4 {[%emt 0:00:38]} Ke5 {[%emt 0:00:37]} 36. Re1 {[%emt 0:00:30]} Kf4 {[%emt 0:01:21]} 37. Re2 {[%emt 0:00:12]} Rxe2 {[%emt 0:01:13]} 38. Bxe2 {[%emt 0:00:05]} Ke3 {[%emt 0:00:19]} 39. Kd1 {[%emt 0:01:00]} Kf2 {[%emt 0:00:24]} 40. h4 {[%emt 0:00:00]} e3 {[%emt 0:00:00]} 41. h5 {[%emt 0:02:31]} Bg2 {[%emt 0:08:08]} 42. h6 {[%emt 0:01:12]} Bf1 {[%emt 0:00:03]} 43. Bh5 {[%emt 0:02:21]} 1-0

[Event "Mitropa Cup Open 2019"]
[Site "Radenci"]
[Date "2019.05.27"]
[Round "1.16"]
[White "Stijve, Theo"]
[Black "Eugene, Floryan"]
[Result "0-1"]
[WhiteElo "2310"]
[BlackElo "2303"]
[Annotator "TA"]
[PlyCount "94"]
[EventDate "2019.05.27"]
[EventType "team-tourn"]
[EventCountry "SLO"]
[SourceTitle "playchess.com"]
[Source "ChessBase"]
[SourceQuality "1"]
[WhiteTeam "Switzerland"]
[BlackTeam "France"]
[WhiteTeamCountry "SUI"]
[BlackTeamCountry "FRA"]

{[%evp 9,94,25,22,25,28,30,35,18,25,4,25,28,47,0,0,0,0,0,0,0,0,-19,0,-16,0,-7,-9,-35,0,0,0,-58,-47,-59,-42,-93,-84,-93,-96,-114,-101,-164,-93,-94,-106,-116,-109,-104,-114,-217,-158,-147,-137,-211,-214,-211,-212,-215,-206,-206,-208,-228,-229,-254,-254,-242,-246,-248,-234,-244,-222,-517,-412,-389,-389,-29978,-29979,-29979,-29980,-29983,-29984,-29984,-29985,-29985,-29986,-29984,-29985]} 1. e4 e5 2. Nf3 Nc6 3. Bb5 Nge7 4. Nc3 Ng6 5. d4 exd4 6. Nxd4 {C60: Ruy Lopez: Unusual Black 3rd moves and 3...g6} Nxd4 7. Qxd4 c6 8. Bc4 {White is slightly better.} (8. Be2 Qb6 9. Be3 Qxd4 10. Bxd4 Nf4 11. Bf3 Ne6 12. Be3 f6 {½-½ (39) Guseinov,G (2664)-Motylev,A (2644) St Petersburg 2018}) 8... Qb6 9. Be3 Qxd4 10. Bxd4 b5 11. Nxb5 $146 (11. Bf1 $14) ({Predecessor:} 11. Be2 Nf4 12. Bf3 Ne6 {½-½ (43) Arnason,J (2500)-Wedberg,T (2495) Oslo 1984}) 11... cxb5 $11 12. Bd5 Rb8 {Threatens to win with ...Bb7.} 13. Bxa7 Rb7 $1 {[%cal Rb7a7]} 14. Bxb7 Bxb7 15. f3 Bd6 16. Kf2 Ke7 17. Bd4 Rc8 $36 {[%mdl 2048] Black has good play.} 18. c3 Nf4 {[%mdl 1024] Black has compensation.} 19. Rhd1 b4 20. g3 (20. Be3 $11) 20... Ne6 $15 21. Rdc1 f5 22. e5 (22. exf5 $15 Nxd4 23. cxd4) 22... Bb8 $17 23. f4 bxc3 24. bxc3 Be4 25. Ke3 (25. a4 $17) 25... Nc5 (25... Bc7 $19 26. h3 Ba5) 26. g4 g6 27. gxf5 gxf5 28. Rg1 Ne6 29. Rac1 (29. a4 $17) 29... Rc4 30. Rg8 Bc7 31. Rd1 (31. Rcg1 $17) 31... Nxd4 $19 32. cxd4 Rc3+ 33. Kf2 Rc2+ 34. Ke3 Rxh2 ({And not} 34... Rxa2 35. Rg7+ Ke6 36. Rxh7 $11) 35. Rdg1 Ke6 36. R1g7 {[#]} Bc6 $1 37. Rf8 Rh3+ 38. Ke2 Kd5 39. Rxf5 Kxd4 40. Rfg5 $2 (40. e6 dxe6 41. Rf6 Rh2+ 42. Kf1 Rh1+ 43. Rg1) 40... Rh2+ 41. Kf1 {If only White now had time for e6....} Bb6 {...Kd3 is the strong threat.} 42. a4 $2 {[#]} (42. Rg3 $19) 42... Kd3 {Black mates.} 43. Rg3+ Be3 44. f5 Ra2 {[%cal Ra2a1]} 45. Rxe3+ Kxe3 {[%cal Ra2a1]} 46. Rg3+ Bf3 47. Rxf3+ Kxf3 {Accuracy: White = 53%, Black = 69%.} 0-1